| 000 | 00536nam a2200169Ia 4500 | ||
|---|---|---|---|
| 008 | 230718s9999 xx 000 0 und d | ||
| 020 | _a9788183577922 | ||
| 041 | _aeng | ||
| 082 |
_a372.126 _bCHO |
||
| 100 | _aChopra J.K. (Editor) | ||
| 245 |
_aUnique Quintessence Of General Studies Paper- I 2014 _bFor UPSC Civil Services Preliminary Examination |
||
| 260 |
_c2014 _bUnique Publishers |
||
| 300 | _a1824 | ||
| 365 |
_cRs. _b1350.00 |
||
| 700 | _aChopra J.K. (Editor) | ||
| 906 |
_dO:0391205-Jun-2014B:IN 6916-Apr-2014 _cGENRL _b270 |
||
| 999 |
_c336340 _d336340 |
||